[Event "Mecklenburg VP LL2 Ost 1314"]
[Site "Mecklenburg VP"]
[Date "2014.01.19"]
[Round "5.4"]
[White "Hollatz, Michael"]
[Black "Schreiner, Wolfgang"]
[Result "1/2-1/2"]
[WhiteElo "1743"]
[BlackElo "1789"]
[PlyCount "54"]
[EventDate "2013.10.27"]
[EventType "team-tourn"]
[EventRounds "9"]
[EventCountry "GER"]
[SourceTitle "EXT 2022"]
[Source "ChessBase"]
[SourceDate "2021.10.06"]
[SourceVersion "1"]
[SourceVersionDate "2021.10.06"]
[SourceQuality "1"]
[WhiteTeam "Gryps SV"]
[BlackTeam "Waren ESV"]
[WhiteTeamCountry "GER"]
[BlackTeamCountry "GER"]

1. e4 c5 2. Nf3 e6 3. c3 d5 4. e5 Nc6 5. d4 Qb6 6. a3 Bd7 7. Be2 Nh6 8. b4 c4 9. Qc2 f5 10. a4 Nf7 11. Na3 a6 12. Rb1 Qc7 13. 0-0 Be7 14. h4 Qd8 15. g3 g5 16. hxg5 Nxg5 17. Nxg5 Bxg5 18. Bh5+ Kf8 19. f4 Bh6 20. Qh2 Ne7 21. Be2 Bg7 22. a5 h5 23. Nc2 Qe8 24. Kf2 Qg6 25. Rh1 Be8 26. Ne1 Ng8 27. Nf3 Nh6 1/2-1/2

[Event "Mecklenburg VP LL2 Ost 1314"]
[Site "Mecklenburg VP"]
[Date "2013.12.15"]
[Round "4.4"]
[White "Ilanz, Kazimierz"]
[Black "Hollatz, Michael"]
[Result "0-1"]
[WhiteElo "1602"]
[BlackElo "1743"]
[PlyCount "48"]
[EventDate "2013.10.27"]
[EventType "team-tourn"]
[EventRounds "9"]
[EventCountry "GER"]
[SourceTitle "EXT 2022"]
[Source "ChessBase"]
[SourceDate "2021.10.06"]
[SourceVersion "1"]
[SourceVersionDate "2021.10.06"]
[SourceQuality "1"]
[WhiteTeam "Binz Therme Ruegen"]
[BlackTeam "Gryps SV"]
[WhiteTeamCountry "GER"]
[BlackTeamCountry "GER"]

1. e4 e5 2. Nf3 Nc6 3. d4 exd4 4. Nxd4 Bc5 5. Be3 Qf6 6. c3 Nge7 7. Bc4 Na5 8. Bxf7+ Qxf7 9. b4 Bxd4 10. Bxd4 Nc4 11. 0-0 Nc6 12. Qe2 d6 13. Re1 0-0 14. Nd2 Na3 15. Nb3 Be6 16. Be3 Ne5 17. f3 Bc4 18. Qd2 Qg6 19. Kh1 d5 20. Nd4 Nd3 21. Nf5 Rae8 22. Rg1 dxe4 23. fxe4 Rxe4 24. Ng3 Rxe3 0-1

[Event "Mecklenburg VP LL2 Ost 1213"]
[Site "Mecklenburg VP"]
[Date "2013.04.28"]
[Round "9.3"]
[White "Schmidt, Joerg"]
[Black "Hollatz, Michael"]
[Result "1/2-1/2"]
[WhiteElo "1915"]
[BlackElo "1722"]
[PlyCount "107"]
[EventDate "2012.10.14"]
[EventType "team-tourn"]
[EventRounds "9"]
[EventCountry "GER"]
[SourceTitle "EXT 2022"]
[Source "ChessBase"]
[SourceDate "2021.10.06"]
[SourceVersion "1"]
[SourceVersionDate "2021.10.06"]
[SourceQuality "1"]
[WhiteTeam "Malchow Schachinsel"]
[BlackTeam "Gryps SV"]
[WhiteTeamCountry "GER"]
[BlackTeamCountry "GER"]

1. c4 c6 2. Nc3 Nf6 3. d4 d5 4. Nf3 g6 5. e3 Bg7 6. Bd3 0-0 7. 0-0 dxc4 8. Bxc4 Bg4 9. h3 Bf5 10. Qe2 Qc8 11. Ne5 Ne4 12. Rd1 Nd7 13. g4 Nxe5 14. dxe5 Nxc3 15. bxc3 Be6 16. f4 b6 17. Ba6 Qc7 18. Bd3 Rad8 19. Bb2 Qc8 20. a4 Rd7 21. c4 Rfd8 22. Kg2 h6 23. f5 Rxd3 24. Rxd3 Rxd3 25. Qxd3 gxf5 26. gxf5 Bxf5 27. e4 Bg6 28. Rd1 Qe6 29. Qd4 Kh7 30. Kg3 f6 31. exf6 Bxf6 32. e5 Bg7 33. Rf1 Bc2 34. Qf4 Bd3 35. Rf3 Bxc4 36. Qf5+ Qxf5 37. Rxf5 Kg6 38. Rf4 Be6 39. Bc3 h5 40. h4 Bd5 41. Rf1 Bb3 42. a5 bxa5 43. Kf4 Bh6+ 44. Ke4 Bd5+ 45. Kd4 a4 46. Ra1 Bf4 47. Rxa4 Bg3 48. Ke3 Kf5 49. Bb2 a6 50. Bc3 a5 51. Bxa5 Bxe5 52. Be1 c5 53. Bf2 Bd4+ 54. Rxd4 1/2-1/2

[Event "Mecklenburg VP LL2 Ost 1213"]
[Site "Mecklenburg VP"]
[Date "2012.10.14"]
[Round "1.4"]
[White "Richter, Frank"]
[Black "Hollatz, Michael"]
[Result "1/2-1/2"]
[WhiteElo "1615"]
[BlackElo "1722"]
[PlyCount "57"]
[EventDate "2012.10.14"]
[EventType "team-tourn"]
[EventRounds "9"]
[EventCountry "GER"]
[SourceTitle "EXT 2022"]
[Source "ChessBase"]
[SourceDate "2021.10.06"]
[SourceVersion "1"]
[SourceVersionDate "2021.10.06"]
[SourceQuality "1"]
[WhiteTeam "Waterkant Saal SV"]
[BlackTeam "Gryps SV"]
[WhiteTeamCountry "GER"]
[BlackTeamCountry "GER"]

1. d4 d5 2. c4 c6 3. Nc3 Nf6 4. e3 g6 5. Nf3 Bg7 6. Be2 0-0 7. 0-0 b6 8. cxd5 Nxd5 9. a3 Bb7 10. e4 Nc7 11. Be3 Nd7 12. Qd2 e5 13. Rad1 exd4 14. Nxd4 Nf6 15. Qc2 Qe7 16. Bf3 Rfe8 17. e5 Nfd5 18. Nxc6 Bxc6 19. Nxd5 Bxd5 20. Bxd5 Nxd5 21. Rxd5 Bxe5 22. Rfd1 Bf4 23. R5d3 Qe4 24. Qd2 Bxe3 25. Rxe3 Qc4 26. Rde1 Red8 27. Rd3 Qh4 28. h3 Qf6 29. Ree3 1/2-1/2

[Event "GER-ch U25 op-A"]
[Site "Oberhof"]
[Date "2012.05.29"]
[Round "5"]
[White "Myagkov, Kirill"]
[Black "Hollatz, Michael"]
[Result "0-1"]
[WhiteElo "1769"]
[BlackElo "1653"]
[PlyCount "38"]
[EventDate "2012.05.27"]
[EventType "swiss"]
[EventRounds "9"]
[EventCountry "GER"]
[SourceTitle "CBM 148 Extra"]
[Source "ChessBase"]
[SourceDate "2012.06.22"]
[SourceVersion "1"]
[SourceVersionDate "2012.06.22"]
[SourceQuality "1"]

1. e4 e5 2. f4 exf4 3. Nf3 d5 4. exd5 Qxd5 5. Nc3 Qa5 6. Bc4 Bf5 7. Nd5 Nc6 8. Qe2+ Be7 9. Ne5 Nd4 10. Qh5 g6 11. Qd1 Nxc2+ 12. Kf1 0-0-0 13. Nxe7+ Nxe7 14. Nxf7 Ne3+ 15. Ke2 Bg4+ 16. Kf2 Nxd1+ 17. Rxd1 Bxd1 18. Be6+ Kb8 19. Nxh8 Rxh8 0-1

[Event "Mecklenburg VP VL 1011"]
[Site "Mecklenburg VP"]
[Date "2011.01.23"]
[Round "?"]
[White "Menkhaus, Wolf Dieter"]
[Black "Hollatz, Michael"]
[Result "1-0"]
[WhiteElo "1886"]
[BlackElo "1749"]
[PlyCount "53"]
[EventDate "2010.10.10"]
[EventType "team-tourn"]
[EventRounds "9"]
[EventCountry "GER"]
[SourceTitle "EXT 2022"]
[Source "ChessBase"]
[SourceDate "2021.10.06"]
[SourceVersion "1"]
[SourceVersionDate "2021.10.06"]
[SourceQuality "1"]
[WhiteTeam "Rostock SSC 07 II"]
[BlackTeam "Gryps SV"]
[WhiteTeamCountry "GER"]
[BlackTeamCountry "GER"]

1. d4 d5 2. c4 c6 3. Nf3 Nf6 4. Nc3 e6 5. Bg5 Be7 6. e3 0-0 7. Rc1 Nbd7 8. Bd3 dxc4 9. Bxc4 Nd5 10. Bxe7 Qxe7 11. 0-0 Kh8 12. e4 Nf4 13. e5 f6 14. g3 fxe5 15. gxf4 Rxf4 16. Re1 Qf6 17. Ne4 Qg6+ 18. Ng3 e4 19. Ne5 Qf6 20. Rxe4 Nb6 21. Rxf4 Qxf4 22. Rc3 g6 23. Rf3 Qh4 24. Rf7 Nxc4 25. Nxc4 b6 26. Qf3 Ba6 27. Rf8+ 1-0

[Event "Mecklenburg VP VL 1011"]
[Site "Mecklenburg VP"]
[Date "2011.01.16"]
[Round "5.5"]
[White "Hollatz, Michael"]
[Black "Borchert, Chris"]
[Result "0-1"]
[WhiteElo "1749"]
[BlackElo "2048"]
[PlyCount "58"]
[EventDate "2010.10.10"]
[EventType "team-tourn"]
[EventRounds "9"]
[EventCountry "GER"]
[SourceTitle "EXT 2022"]
[Source "ChessBase"]
[SourceDate "2021.10.06"]
[SourceVersion "1"]
[SourceVersionDate "2021.10.06"]
[SourceQuality "1"]
[WhiteTeam "Gryps SV"]
[BlackTeam "Neukloster II"]
[WhiteTeamCountry "GER"]
[BlackTeamCountry "GER"]

1. e4 d5 2. exd5 Qxd5 3. Nc3 Qa5 4. d4 Nf6 5. Bd2 c6 6. Bc4 Qc7 7. Qe2 Bf5 8. 0-0-0 Nbd7 9. f3 Nb6 10. Bb3 e6 11. g4 Bg6 12. Nh3 0-0-0 13. Bg5 Be7 14. Nf4 Nfd5 15. Ncxd5 Nxd5 16. Nh3 Bxg5+ 17. Nxg5 Qf4+ 18. Qd2 h6 19. Qxf4 Nxf4 20. Ne4 Ne2+ 21. Kb1 Nxd4 22. Nd2 Nxb3 23. Nxb3 Rxd1+ 24. Rxd1 h5 25. g5 h4 26. Kc1 Rd8 27. Re1 Rd5 28. f4 Rf5 29. Re4 Rxg5 0-1

[Event "Mecklenburg VP LL2 Ost 0910"]
[Site "Mecklenburg VP"]
[Date "2009.11.29"]
[Round "3.3"]
[White "Pererva, Viktor"]
[Black "Hollatz, Michael"]
[Result "1/2-1/2"]
[WhiteElo "1637"]
[BlackElo "1665"]
[PlyCount "66"]
[EventDate "2009.10.18"]
[EventType "team-tourn"]
[EventRounds "9"]
[EventCountry "GER"]
[SourceTitle "EXT 2016"]
[Source "ChessBase"]
[SourceDate "2015.10.08"]
[SourceVersion "1"]
[SourceVersionDate "2015.10.08"]
[SourceQuality "1"]
[WhiteTeam "Rostock SSC 07 III"]
[BlackTeam "Gryps SV"]
[WhiteTeamCountry "GER"]
[BlackTeamCountry "GER"]

1. e4 e5 2. Nf3 Nc6 3. Bb5 a6 4. Ba4 Bc5 5. c3 b5 6. Bb3 Nge7 7. d4 exd4 8. cxd4 Bb6 9. Nc3 Na5 10. Bc2 0-0 11. 0-0 Bb7 12. Re1 h6 13. Bf4 Ng6 14. Bg3 Nc4 15. Rb1 Qe7 16. h4 Ba5 17. h5 Nxb2 18. Rxb2 Bxc3 19. Rb3 Bxe1 20. hxg6 Ba5 21. Nh4 d6 22. Qh5 Bd2 23. f4 Bxe4 24. Qe2 Bxf4 25. Bxf4 Qxh4 26. Qxe4 f5 27. Qd5+ Kh8 28. Qf3 Rae8 29. Re3 Qf6 30. Qh5 Rxe3 31. Bxe3 f4 32. Bf2 c6 33. Qf3 d5 1/2-1/2

[Event "Mecklenburg VP LL 0809"]
[Site "Mecklenburg VP"]
[Date "2009.03.29"]
[Round "9.5"]
[White "Hollatz, Michael"]
[Black "Mitscherling, Reinhard"]
[Result "1/2-1/2"]
[WhiteElo "1573"]
[BlackElo "1880"]
[PlyCount "106"]
[EventDate "2008.10.05"]
[EventType "team-tourn"]
[EventRounds "9"]
[EventCountry "GER"]
[SourceTitle "EXT 2022"]
[Source "ChessBase"]
[SourceDate "2021.10.06"]
[SourceVersion "1"]
[SourceVersionDate "2021.10.06"]
[SourceQuality "1"]
[WhiteTeam "Gryps SV"]
[BlackTeam "Ludwigslust Post SV"]
[WhiteTeamCountry "GER"]
[BlackTeamCountry "GER"]

1. e4 c6 2. d4 d5 3. exd5 cxd5 4. Nf3 Nf6 5. Bd3 Nc6 6. c3 Bg4 7. h3 Bh5 8. Nbd2 e6 9. Qb3 Qc7 10. 0-0 Be7 11. Re1 0-0 12. Qc2 Rac8 13. Qb1 a6 14. g4 Bg6 15. Ne5 Nxe5 16. dxe5 Bxd3 17. Qxd3 Nd7 18. Nf3 Qc4 19. Qd4 Qxd4 20. Nxd4 Rc4 21. Bd2 Rfc8 22. Kg2 R4c7 23. f4 Bc5 24. Nf3 g6 25. Rac1 b5 26. Kf1 Be7 27. Ke2 Nc5 28. b3 Ne4 29. Kd3 Kg7 30. Rxe4 dxe4+ 31. Kxe4 Rd7 32. Rc2 Rcd8 33. c4 Rc8 34. Be3 bxc4 35. bxc4 Bc5 36. Bxc5 Rxc5 37. Nd4 Ra5 38. Nb3 Ra3 39. c5 Ra4+ 40. Ke3 Kf8 41. h4 Ke7 42. c6 Rc7 43. Nd4 f6 44. Rb2 Ra3+ 45. Kd2 fxe5 46. Rb7 Rxa2+ 47. Kd3 exd4 48. Rxc7+ Kd6 49. Rxh7 Kxc6 50. Kxd4 Kd6 51. h5 gxh5 52. Rxh5 Ra4+ 53. Kd3 Ra3+ 1/2-1/2

[Event "Mecklenburg VP LL 0809"]
[Site "Mecklenburg VP"]
[Date "2008.10.26"]
[Round "2.5"]
[White "Hollatz, Michael"]
[Black "Borchert, Chris"]
[Result "0-1"]
[WhiteElo "1573"]
[BlackElo "2014"]
[PlyCount "72"]
[EventDate "2008.10.05"]
[EventType "team-tourn"]
[EventRounds "9"]
[EventCountry "GER"]
[SourceTitle "EXT 2022"]
[Source "ChessBase"]
[SourceDate "2021.10.06"]
[SourceVersion "1"]
[SourceVersionDate "2021.10.06"]
[SourceQuality "1"]
[WhiteTeam "Gryps SV"]
[BlackTeam "Neukloster II"]
[WhiteTeamCountry "GER"]
[BlackTeamCountry "GER"]

1. e4 d5 2. exd5 Qxd5 3. Nc3 Qa5 4. d4 c6 5. Nf3 Nf6 6. Bd3 Bg4 7. h3 Bh5 8. 0-0 e6 9. Ne4 Nxe4 10. Bxe4 Nd7 11. c3 Bd6 12. Re1 Nf6 13. Qc2 Nxe4 14. Qxe4 Bxf3 15. Qxf3 Qd5 16. Qg4 0-0-0 17. b3 h5 18. Qg5 Qxg5 19. Bxg5 f6 20. Bd2 e5 21. dxe5 Bxe5 22. Re2 Rxd2 23. Rxd2 Bxc3 24. Rad1 Bxd2 25. Rxd2 Rd8 26. Re2 Kc7 27. Kh2 c5 28. Kg3 Rd5 29. Re7+ Rd7 30. Re2 a6 31. Kh4 g6 32. f4 f5 33. Re6 Rd6 34. Rxd6 Kxd6 35. Kg5 b5 36. Kxg6 c4 0-1

[Event "Mecklenburg VP LL 0809"]
[Site "Mecklenburg VP"]
[Date "2008.10.05"]
[Round "1.5"]
[White "Leisner, Hannes"]
[Black "Hollatz, Michael"]
[Result "1-0"]
[WhiteElo "2017"]
[BlackElo "1573"]
[PlyCount "79"]
[EventDate "2008.10.05"]
[EventType "team-tourn"]
[EventRounds "9"]
[EventCountry "GER"]
[SourceTitle "EXT 2022"]
[Source "ChessBase"]
[SourceDate "2021.10.06"]
[SourceVersion "1"]
[SourceVersionDate "2021.10.06"]
[SourceQuality "1"]
[WhiteTeam "Greifswald II"]
[BlackTeam "Gryps SV"]
[WhiteTeamCountry "GER"]
[BlackTeamCountry "GER"]

1. e4 e5 2. Nf3 Nc6 3. Bb5 a6 4. Bxc6 dxc6 5. 0-0 Bd6 6. d4 Bg4 7. c3 f6 8. Be3 Qd7 9. Nbd2 Nh6 10. Qc2 Nf7 11. c4 exd4 12. Nxd4 0-0-0 13. f3 Be5 14. Ne2 Bh5 15. Rad1 Qe7 16. g4 Bg6 17. f4 Bd6 18. c5 Bxf4 19. Bxf4 Ng5 20. Bxg5 fxg5 21. Ng3 Rd5 22. b4 Rhd8 23. Nf3 h6 24. Nf5 Bxf5 25. exf5 Qe3+ 26. Kg2 Qf4 27. h3 Qxb4 28. Rxd5 Rxd5 29. Rc1 Qf4 30. Rd1 Qe3 31. Rxd5 cxd5 32. Qf2 Qe4 33. Qd4 Qe7 34. Qxd5 Qf6 35. Ne5 Qd8 36. Qxd8+ Kxd8 37. Kf3 Ke7 38. Ke4 c6 39. Nc4 Kd7 40. Ke5 1-0

[Event "Mecklenburg VP LL2 Ost 0708"]
[Site "Mecklenburg VP"]
[Date "2008.04.06"]
[Round "8.7"]
[White "Hollatz, Michael"]
[Black "Jopp, Michael"]
[Result "1/2-1/2"]
[WhiteElo "1597"]
[BlackElo "1686"]
[PlyCount "82"]
[EventDate "2007.10.21"]
[EventType "team-tourn"]
[EventRounds "9"]
[EventCountry "GER"]
[SourceTitle "EXT 2016"]
[Source "ChessBase"]
[SourceDate "2015.10.08"]
[SourceVersion "1"]
[SourceVersionDate "2015.10.08"]
[SourceQuality "1"]
[WhiteTeam "Gryps SV"]
[BlackTeam "Guestrow/Teterow"]
[WhiteTeamCountry "GER"]
[BlackTeamCountry "GER"]

1. e4 c5 2. Nf3 e6 3. c3 Nc6 4. d4 d6 5. g3 cxd4 6. cxd4 Nf6 7. Nc3 Be7 8. Bg2 0-0 9. 0-0 e5 10. a3 Bg4 11. Be3 exd4 12. Bxd4 Nxd4 13. Qxd4 Qa5 14. h3 Be6 15. e5 dxe5 16. Qxe5 Qb6 17. b4 Bd6 18. Qd4 Qd8 19. Ng5 Qe7 20. Nxe6 fxe6 21. Bxb7 Rad8 22. Bg2 Bxg3 23. Qe3 Bb8 24. Rad1 Kh8 25. Qc5 Qc7 26. Qxc7 Bxc7 27. Nb5 Bb6 28. Rde1 Rfe8 29. Re2 Rd3 30. Rc1 a6 31. Rc6 Bxf2+ 32. Kxf2 axb5 33. Rcxe6 Rxe6 34. Rxe6 Rxa3 35. Rb6 h6 36. Rxb5 g5 37. Ra5 Rb3 38. b5 g4 39. hxg4 Nxg4+ 40. Ke2 Rb2+ 41. Kf3 Ne5+ 1/2-1/2

[Event "Mecklenburg VP LL2 Ost 0708"]
[Site "Mecklenburg VP"]
[Date "2007.12.09"]
[Round "4.7"]
[White "Meyer, Jan"]
[Black "Hollatz, Michael"]
[Result "0-1"]
[WhiteElo "1702"]
[BlackElo "1597"]
[PlyCount "38"]
[EventDate "2007.10.21"]
[EventType "team-tourn"]
[EventRounds "9"]
[EventCountry "GER"]
[SourceTitle "EXT 2016"]
[Source "ChessBase"]
[SourceDate "2015.10.08"]
[SourceVersion "1"]
[SourceVersionDate "2015.10.08"]
[SourceQuality "1"]
[WhiteTeam "Warnemuende SF Ostsee II"]
[BlackTeam "Gryps SV"]
[WhiteTeamCountry "GER"]
[BlackTeamCountry "GER"]

1. e4 e5 2. f4 exf4 3. Nf3 d5 4. e5 f6 5. d4 g5 6. Nc3 Bg7 7. Bd3 Bg4 8. 0-0 Ne7 9. h3 Bh5 10. Qe1 c6 11. exf6 Bxf6 12. Qe6 Nd7 13. Nxd5 cxd5 14. Bb5 Bxf3 15. Rxf3 Bxd4+ 16. Kh1 a6 17. Bxf4 axb5 18. Bxg5 Ne5 19. Rf5 Ra6 0-1

[Event "Mecklenburg VP-ch U18"]
[Site "Malchow"]
[Date "2007.02.05"]
[Round "4"]
[White "Daug, Joern Henning"]
[Black "Hollatz, Michael"]
[Result "1-0"]
[WhiteElo "1603"]
[BlackElo "1548"]
[PlyCount "55"]
[EventDate "2007.02.03"]
[EventType "swiss"]
[EventRounds "7"]
[EventCountry "GER"]
[SourceTitle "EXT 2022"]
[Source "ChessBase"]
[SourceDate "2021.10.06"]
[SourceVersion "1"]
[SourceVersionDate "2021.10.06"]
[SourceQuality "1"]

1. d4 d5 2. c4 dxc4 3. Nf3 Nf6 4. Nc3 e6 5. e3 Nbd7 6. Bxc4 Nb6 7. Bd3 Be7 8. 0-0 0-0 9. Qe2 c6 10. Bd2 Re8 11. Ne5 Bd6 12. f4 Qc7 13. Rac1 a6 14. Rf3 g6 15. Rg3 Bxe5 16. fxe5 Nfd7 17. Ne4 Nd5 18. Nd6 Rf8 19. e4 N5b6 20. Bh6 f5 21. Bxf8 Nxf8 22. exf5 exf5 23. Bxf5 Bxf5 24. Nxf5 Kh8 25. Nd6 Ne6 26. Qg4 Ng7 27. Rf1 Nd5 28. Rgf3 1-0

[Event "Tierpark op 5th"]
[Site "Ueckermuende"]
[Date "2006.09.03"]
[Round "5"]
[White "Hollatz, Michael"]
[Black "Jordan, Georg"]
[Result "1/2-1/2"]
[WhiteElo "1503"]
[BlackElo "1306"]
[PlyCount "36"]
[EventDate "2006.09.01"]
[EventType "swiss"]
[EventRounds "5"]
[EventCountry "GER"]
[SourceTitle "EXT 2023"]
[Source "ChessBase"]
[SourceDate "2022.10.05"]
[SourceVersion "1"]
[SourceVersionDate "2022.10.05"]
[SourceQuality "1"]

1. e4 c5 2. Nf3 Nc6 3. d4 cxd4 4. Nxd4 g6 5. Be3 Bg7 6. Qd2 Nf6 7. f3 0-0 8. Nc3 d5 9. Nxc6 bxc6 10. 0-0-0 Be6 11. Bh6 dxe4 12. Bxg7 Qxd2+ 13. Rxd2 Kxg7 14. fxe4 Rfd8 15. Be2 Rxd2 16. Kxd2 Rb8 17. b3 Rb4 18. Bf3 Kf8 1/2-1/2